一駅あたりの面積TOP50・ワースト50-関東- - Statistics

General Stats
  • This quiz has been taken 22 times
  • The average score is 71 of 100
Answer Stats
順位 面積/駅数(㎢) 自治体名 % Correct
4 197.58 那須塩原市
95%
33 51.78 日光市
95%
1 0.43 千代田区
95%
2 0.46 中央区
95%
4 0.57 豊島区
95%
5 0.58 港区
95%
6 0.59 新宿区
95%
7 0.63 台東区
95%
8 0.66 文京区
95%
9 0.84 渋谷区
95%
10 0.88 品川区
95%
11 1.03 北区
95%
12 1.06 墨田区
95%
20 1.89 杉並区
95%
28 2.67 練馬区
95%
30 2.75 川崎市
95%
33 2.9 葛飾区
95%
39 3.15 横浜市
95%
21 67.83 平塚市
89%
32 52.53 秩父市
89%
40 45.11 奥多摩町
89%
3 0.48 荒川区
89%
13 1.3 中野区
89%
14 1.49 世田谷区
89%
15 1.51 大田区
89%
16 1.54 江東区
89%
17 1.7 板橋区
89%
18 1.83 目黒区
89%
41 3.2 狛江市
89%
39 45.15 日立市
84%
19 1.87 立川市
84%
23 2.22 足立区
84%
36 3 多摩市
84%
48 3.83 市川市
84%
50 4.09 藤沢市
84%
8 130.18 みなかみ町
79%
10 124 常陸太田市
79%
12 112.53 嬬恋村
79%
23 65.15 大子町
79%
26 62.26 北茨城市
79%
26 2.48 鎌倉市
79%
27 2.54 福生市
79%
32 2.85 船橋市
79%
39 3.15 西東京市
79%
45 3.59 稲城市
79%
11 123.58 古河市
74%
17 81.77 鹿沼市
74%
20 70.93 つくば市
74%
28 58.08 常陸大宮市
74%
21 1.9 東村山市
74%
24 2.4 調布市
74%
25 2.46 浦安市
74%
31 2.76 日野市
74%
38 3.07 松戸市
74%
43 3.39 大和市
74%
47 3.82 国分寺市
74%
2 221.73 沼田市
68%
5 193.55 高萩市
68%
31 55.56 伊勢原市
68%
37 46.92 厚木市
68%
22 2.1 府中市
68%
29 2.72 国立市
68%
36 3 習志野市
68%
49 3.92 流山市
68%
1 354.36 大田原市
63%
3 219.64 中之条町
63%
6 188.38 下仁田町
63%
7 144.74 小美玉市
63%
9 124.11 那須町
63%
25 62.82 さくら市
63%
38 46.05 安中市
63%
42 44.51 佐野市
63%
48 40.96 土浦市
63%
34 2.93 小平市
63%
46 3.77 小金井市
63%
44 43.46 水戸市
58%
50 39.85 君津市
58%
42 3.36 東大和市
58%
13 107.77 石岡市
53%
19 74.88 山北町
53%
29 57.25 小山市
53%
16 85.23 矢板市
47%
18 79.91 熊谷市
47%
27 60.02 桜川市
47%
43 43.73 香取市
47%
46 41.86 板倉町
47%
44 3.51 鎌ケ谷市
47%
14 90.15 藤岡市
42%
24 63.48 東吾妻町
42%
34 50.74 匝瑳市
42%
49 40.07 笠間市
42%
15 86.35 茂木町
37%
47 40.97 湯河原町
37%
45 43.24 芝山町
32%
35 2.96 伊奈町
32%
30 55.9 ときがわ町
26%
35 48.92 山武市
21%
41 44.7 益子町
21%
22 67.01 横芝光町
16%
36 47.4 神川町
16%
No matching quizzes found
Score Distribution
Percent of People with Each Score
Percentile by Number Answered
Your Score History
You have not taken this quiz